LIBRARY & INFORMATION CENTRE, KCAET, TAVANUR

ONLINE PUBLIC ACCESS CATALOGUE (OPAC)

GPS Principles and Applications (Record no. 15686)

MARC details
000 -LEADER
fixed length control field 00368nam a22001457a 4500
003 - CONTROL NUMBER IDENTIFIER
control field OSt
008 - FIXED-LENGTH DATA ELEMENTS--GENERAL INFORMATION
fixed length control field 190528b ||||| |||| 00| 0 eng d
020 ## - INTERNATIONAL STANDARD BOOK NUMBER
ISBN 9788189304164
082 ## - DEWEY DECIMAL CLASSIFICATION NUMBER
Classification number 623.893
Item number GAN/GP
100 ## - MAIN ENTRY--AUTHOR NAME
Personal name Ganesh, A
245 ## - TITLE STATEMENT
Title GPS Principles and Applications
260 ## - PUBLICATION, DISTRIBUTION, ETC. (IMPRINT)
Place of publication Delhi
Name of publisher Satish Serial Publishing House
Year of publication 2019
300 ## - PHYSICAL DESCRIPTION
Number of Pages 176 p.
942 ## - ADDED ENTRY ELEMENTS (KOHA)
Koha item type Books
Holdings
Withdrawn status Lost status Damaged status Collection code Home library Current library Shelving location Date acquired Cost, normal purchase price Full call number Accession Number Koha item type
      Non-fiction KAUAET KAUAET General Stacks 28/05/2019 1850.00 623.893 GAN/GP 25896 Books
free website counter